| 000 | 00841nam a22002657a 4500 | ||
|---|---|---|---|
| 003 | dpl | ||
| 005 | 20180621122229.0 | ||
| 008 | 180621b xxu||||| |||| 00| 0 eng d | ||
| 010 | _aB-163269 | ||
| 020 |
_c575.00 _a0195665252 |
||
| 035 | _aB-163269, B-163310 | ||
| 037 | _bCen Lib/Ret | ||
| 040 |
_aDPL _bEN _c0 |
||
| 082 |
_a658 _bMAN |
||
| 245 |
_aManaging business in the twenty-first century / _cedited by Anindya Sen [and] P.K.Sett |
||
| 260 |
_aNew Delhi _bOxford University Press _c2005 |
||
| 270 |
_aYMCA Library Building, Jai Singh Road _bNew Delhi _e110001 |
||
| 300 |
_axii,291p. : _c23cm(Hb) _bill. |
||
| 500 | _aIncludes index | ||
| 650 |
_aIndustrial management _933694 |
||
| 650 |
_aManagement _93072 |
||
| 700 |
_aSen, Anindya _913845 |
||
| 700 |
_aSett, P.K. _933695 |
||
| 942 |
_2ddc _cEN _h658 _mMAN |
||
| 999 |
_c132097 _d132097 |
||